| 000 | 00360nam a2200133 a 4500 | ||
|---|---|---|---|
| 001 | 3861 | ||
| 003 | CDMR | ||
| 005 | 20130327103706.0 | ||
| 008 | 130130s2000||||||||||||||||||||||||||||d | ||
| 040 |
_aCDMR _bcat _cCDMR |
||
| 245 | 0 | 0 |
_aAjuntaments de Catalunya _b: fitxer general 2000 |
| 260 |
_aBarcelona _c2000 _bFederació de Municipis de Catalunya |
||
| 942 |
_cMON _2udc |
||
| 999 |
_c3861 _d3861 |
||